Complete the Word Sets Quiz Stats

 Plays Quiz Updated Aug 20, 2012

Challenge
Share
Tweet
Embed
Score 0/30 Timer 08:00
2 Plays Today
% Correct
Gump-
99%
real-
89.4%
man-
87.6%
Adam-
87.1%
amen-
85.1%
here-
80.7%
ten-
79.1%
Poe-
76.8%
molar-
75.3%
can-
74.7%
page-
71.1%
viola-
68.9%
van-
62.8%
eras-
61.1%
arc-
59.6%
% Correct
-tion
59.4%
-ity
52.4%
epic-
50.6%
Devo-
47.7%
-tic
44.8%
ova-
44.8%
-ant
44.7%
-ure
42.7%
ent-
42%
pleas-
33.7%
cel-
32.7%
sec-
25.6%
-tor
22.8%
deb-
18.1%
Sten-
16.5%

You're not logged in!

Compare scores with friends on all Sporcle quizzes.
Join for Free
OR
Log In

You Might Also Like...

Show Comments

Extras

Top Quizzes Today


Score Distribution

Your Account Isn't Verified!

In order to create a playlist on Sporcle, you need to verify the email address you used during registration. Go to your Sporcle Settings to finish the process.

Report this User

Report this user for behavior that violates our Community Guidelines.

Details: